Normal view
MARC view
- BLOOM,F.GORDON
Entry Personal Name
001 - CONTROL NUMBER
- control field: 134373
003 - CONTROL NUMBER IDENTIFIER
- control field: NUST
005 - DATE AND TIME OF LATEST TRANSACTION
- control field: 20260507143806.0
008 - FIXED-LENGTH DATA ELEMENTS
- fixed length control field: 260507|| aca||aabn | a|a d
040 ## - CATALOGING SOURCE
- Original cataloging agency: NUST
- Transcribing agency: NUST
100 ## - HEADING--PERSONAL NAME
- Personal name: BLOOM,F.GORDON
670 ## - SOURCE DATA FOUND
- Source citation: Work cat.: (NUST): BLOOM,F.GORDON., ECONOMICS OF LABOR RELATIONS /, 1950.
